000 00674nam a22001817a 4500
005 20251108165800.0
008 250721s9999 xx 000 0 ara d
082 1 4 _aم/346.063095662/يمن
245 1 0 _aنظام المحاسبين القانونيين في الجمهورية العربية اليمنية مع القرارات الوزارية التنفيذية و التنظيمية /
264 1 _aصنعاء :
_bوزارة الإقتصاد،
_c[19-].
300 _a40ص
650 1 7 _aالمحاسبة
650 1 7 _aالقانون العام
650 1 7 _aاليمن
710 2 _aاليمن . وزارة الإقتصاد
942 _2ddc
_cREF
999 _c31187
_d31187